Trouve le noms de ses animes ! - Statistiques

Statistiques générales
  • Ce quiz a été pris 141 fois
  • Le résultat moyen est 13 sur 16
Statistiques - réponses
Par images Réponse % Correct
Naruto
98%
Death Note
96%
Dragon ball z
96%
Hunter x hunter
94%
My Hero Academia
94%
Pokémon
94%
L'Attaque des Titans
92%
Demon slayer
90%
Fairy tail
90%
Jujutsu kaisen
90%
Assassination Classroom
85%
Chainsaw Man
85%
Spy x Family
77%
Sailor Moon
72%
Rascal Does Not Dream of Bunny Girl Senpai
48%
Oshi no ko
46%
Aucun quiz correspondant
Distribution des résultats
% des personnes avec chaque résultat
Percentile par nombre de réponses
Votre historique - résultats
Vous n’avez pas pris ce quiz